| 000 | 01846cam a2200457 i 4500 | ||
|---|---|---|---|
| 001 | 30236 | ||
| 003 | Mx-PuUPA | ||
| 005 | 20251014101715.0 | ||
| 008 | 140415s1990 mx gr 001 0 spa d | ||
| 020 | _a9682107822 | ||
| 020 |
_a8427014066 _qEdiciones Martínez Roca, S. A. |
||
| 040 |
_cMx-PuUPA _aMx-PuUPA _bspa _dMx-PuUPA _erda |
||
| 041 | 1 |
_aspa _heng |
|
| 043 | _an-us-ny | ||
| 100 | 1 |
_aAsimov, Isaac, _d1920-1992 _eautor _94640 |
|
| 240 | 1 | 4 |
_aThe Caves of Steel. _lEspañol |
| 245 | 1 | 0 |
_aBóvedas de acero / _cIsaac Asimov ; traducción al español por Francisco Blanco |
| 250 | _aEdición hecha con autorización y por cuenta de Ediciones Martínez Roca | ||
| 264 | 1 |
_aMéxico, D.F. : _bEdiciones Roca, _c©1990 |
|
| 300 |
_a175 páginas ; _c20 cm |
||
| 336 |
_2rdacontent _atexto _btxt |
||
| 337 |
_2rdamedia _asin medio _bn |
||
| 338 |
_2rdacarrier _avolumen _bnc |
||
| 490 | 0 |
_aBiblioteca Asimov ; _v7 |
|
| 490 | 0 | _aCiclo de las fundaciones | |
| 650 | 7 |
_2armarc _aNovela policíaca |
|
| 650 | 7 |
_2armarc _aPolicia _zNueva York (Estado) _vNovela |
|
| 650 | 7 |
_2armarc _aRobots _vNovela |
|
| 650 | 7 |
_2armarc _aViajes interplanetarios _vNovela |
|
| 650 | 7 |
_2armarc _aCiencia ficción estadounidense |
|
| 655 | 4 | _aNovela policíaca | |
| 700 | 1 |
_aBlanco, Francisco, _etraductor |
|
| 765 | 0 |
_aAsimov, Isaac _tThe Caves of Steel |
|
| 780 | 0 | 0 |
_aAsimov, Isaac, _bPrimera edición _dMéxico, D.F : Editorial Hermes, 1984 _tYo, robot _z9684460325 |
| 780 | 0 | 0 |
_aAsimov, Isaac, _dBuenos Aires, Argentina : Editorial Sudamericana, 2016 _tYo, robot _w(Mx-PuUPA) 70480 _z9786073147385 |
| 785 | 0 | 0 |
_aAsimov, Isaac, _dMadrid : Alamut, 2020 _tEl sol desnudo _w(Mx-PuUPA) 70475 _z9788498891294 |
| 942 |
_2ddc _cLI _hA8418 _i1990 |
||
| 999 |
_c30236 _d30236 |
||